Preddavky na daň z príjmov fyzickej osoby v roku 2020

Dôležité zmeny, ktoré priniesol zákon č. 301/2019 Z. z., ktorým sa mení a dopĺňa zákon č. 595/2003 Z. z. o dani z príjmov s účinnosťou od 1. januára 2020. Preddavky na daň v roku 2020 do lehoty na podanie daňového priznania za rok 2019. Preddavky na daň v roku 2020 od prvého dňa nasledujúceho po upl...

Descrizione completa

Salvato in:
Dettagli Bibliografici
Autore principale: Jambrichová, Silvia
Natura: Capitolo di libro
Lingua:slovacco
Soggetti:
Tags: Aggiungi Tag
Nessun Tag, puoi essere il primo ad aggiungerne!!

MARC

LEADER 00000naa a2200000 4500
001 0265104
005 20200630135544.4
041 0 |a slo 
044 |a SK 
245 1 0 |a Preddavky na daň z príjmov fyzickej osoby v roku 2020  |c Silvia Jambrichová 
520 |a Dôležité zmeny, ktoré priniesol zákon č. 301/2019 Z. z., ktorým sa mení a dopĺňa zákon č. 595/2003 Z. z. o dani z príjmov s účinnosťou od 1. januára 2020. Preddavky na daň v roku 2020 do lehoty na podanie daňového priznania za rok 2019. Preddavky na daň v roku 2020 od prvého dňa nasledujúceho po uplynutí lehoty na podanie daňového priznania za zdaňovacie obdobie roka 2019. Platenie preddavkov na daň inak. Praktické príklady. 
610 2 0 |a dane z príjmov 
610 2 0 |a preddavky 
610 2 0 |a osoby fyzické 
610 2 0 |a priznania daňové 
610 2 0 |a legislatíva 
100 1 |a Jambrichová, Silvia